Gabinetes de comunicación gubernamental (Record no. 9820)

MARC details
000 -LEADER
campo de control de longitud fija 00374nam a2200145Ia 4500
001 - NÚMERO DE CONTROL
campo de control 3712
008 - DATOS DE LONGITUD FIJA--INFORMACIÓN GENERAL
campo de control de longitud fija 241024s9999 xx 000 0 und d
020 ## - NÚMERO INTERNACIONAL ESTÁNDAR DEL LIBRO
Número Internacional Estándar del Libro 978-9945-8761-2-3
082 ## - NÚMERO DE LA CLASIFICACIÓN DECIMAL DEWEY
Número de clasificación RD/320.5097293/N973g
100 ## - ENTRADA PRINCIPAL--NOMBRE DE PERSONA
Nombre de persona Rafael Núñez
245 #0 - MENCIÓN DEL TÍTULO
Título Gabinetes de comunicación gubernamental
260 ## - PUBLICACIÓN, DISTRIBUCIÓN, ETC.
Nombre del editor, distribuidor, etc. Serigraf
Fecha de publicación, distribución, etc. 2012
901 ## - ELEMENTOS DE DATOS A LOCAL LDA (RLIN)
a 20/2/2014 10:22:10 a.m.

No items available.

© 2024. Todos los Derechos Reservados. Desarrollado por IDEICE